[Event "ICS rated blitz match"]
[Site "204.178.125.65"]
[Date "2000.01.22"]
[Round "?"]
[White "Hossa"]
[Black "Amateur"]
[Result "1-0"]
[WhiteElo "2522"]
[BlackElo "2456"]
[PlyCount "99"]
[EventDate "2000.??.??"]

1. e4 e6 2. d4 d5 3. Nc3 Bb4 4. a3 Bxc3+ 5. bxc3 dxe4 6. f3 Qf6 7. Qe2 exf3 8.
Nxf3 Nc6 9. Qe4 Qe7 10. Bb5 Bd7 11. O-O Nf6 12. Qe2 a6 13. Bc4 O-O 14. Bg5 b5
15. Bb3 h6 16. Bh4 Rad8 17. Ne5 g5 18. Bg3 Nxe5 19. Bxe5 Ne8 20. a4 c5 21. axb5
Bxb5 22. c4 Bc6 23. Rxa6 Qb7 24. Raa1 cxd4 25. Qh5 f6 26. Qxh6 Bxg2 27. Bxf6
Nxf6 28. Rxf6 Rxf6 29. Qxf6 Rb8 30. Ra5 Qf7 31. Rxg5+ Kf8 32. Qh6+ Ke8 33. Kxg2
Qb7+ 34. Kg1 Qf7 35. Rg7 Ra8 36. Rxf7 Kxf7 37. Qf4+ Ke7 38. c5 Rg8+ 39. Kh1 Rg6
40. Qd6+ Kf6 41. c6 Rg7 42. Qxe6+ Kg5 43. h4+ Kh5 44. Qf6 Rg6 45. Bf7 Kg4 46.
Qxg6+ Kf4 47. Kg2 d3 48. Qg5+ Ke4 49. c3 d2 50. Bg6# 1-0

[Event "ICS rated blitz match"]
[Site "204.178.125.65"]
[Date "2000.01.22"]
[Round "?"]
[White "Amateur"]
[Black "Hossa"]
[Result "0-1"]
[WhiteElo "2443"]
[BlackElo "2535"]
[PlyCount "78"]

1. Nc3 d5 2. e4 e6 3. exd5 exd5 4. Nf3 Nf6 5. Bd3 Be7 6. O-O O-O 7. Re1 Re8 8.
Bf1 d4 9. Ne4 Nc6 10. Bb5 a6 11. Bxc6 bxc6 12. b3 Nxe4 13. Rxe4 c5 14. Ba3 Bb7
15. Re5 Bd6 16. Rxe8+ Qxe8 17. Rb1 Rb8 18. c3 d3 19. Ne1 Qe5 20. g3 Re8 21. b4
Qd5 22. f3 Rxe1+ 23. Qxe1 Qxf3 24. Qe8+ Bf8 25. Qxf7+ Qxf7 26. bxc5 Qf3 27.
Rxb7 Qd1+ 28. Kg2 Qxd2+ 29. Kh3 Qh6+ 30. Kg2 Qc6+ 31. Kf2 Qxb7 32. Ke3 Qd5 33.
Bb4 Bxc5+ 34. Bxc5 d2 35. c4 Qg2 36. Kf4 d1=Q 37. Bb4 Qgf3+ 38. Ke5 Qde2+ 39.
Kd4 Qee3# 0-1

[Event "ICS rated standard match"]
[Site "204.178.125.65"]
[Date "2000.01.22"]
[Round "?"]
[White "rb"]
[Black "Hossa"]
[Result "1-0"]
[WhiteElo "2361"]
[BlackElo "2288"]
[PlyCount "91"]

1. c4 c5 2. Nf3 Nc6 3. Nc3 Nf6 4. d4 cxd4 5. Nxd4 e6 6. g3 Bb4 7. Bg2 Qa5 8.
O-O Bxc3 9. bxc3 Qxc3 10. Nb5 Qxa1 11. Nc7+ Kd8 12. Nxa8 Qxa2 13. Bxc6 bxc6 14.
Qd4 Ne8 15. Bf4 Bb7 16. Rd1 d5 17. cxd5 cxd5 18. Ra1 Qxe2 19. Qb4 Ba6 20. Qa5+
Kc8 21. Qc5+ Kd8 22. Qxa7 e5 23. Nb6 Nf6 24. Bg5 Qb5 25. Bxf6+ gxf6 26. Qa8+
Ke7 27. Nxd5+ Kd6 28. Rxa6+ Kc5 29. Qa7+ Kxd5 30. Qxf7+ Ke4 31. Rxf6 Qd5 32.
Qa7 Qd4 33. Qb7+ Qd5 34. Qb1+ Kd4 35. Qb4+ Kd3 36. Rd6 Qd4 37. Qb3+ Kd2 38.
Qe3+ Kc2 39. Rc6+ Kb2 40. Qc1+ Kb3 41. Qb1+ Ka3 42. Ra6+ Qa4 43. Rb6 Qc4 44.
Qb2+ Ka4 45. Qa1+ Qa2 46. Qxa2# 1-0

[Event "ICS rated standard match"]
[Site "204.178.125.65"]
[Date "2000.01.22"]
[Round "?"]
[White "Hossa"]
[Black "germanicus"]
[Result "0-1"]
[WhiteElo "2275"]
[BlackElo "2330"]
[PlyCount "68"]

1. e4 e6 2. d4 d5 3. Nc3 dxe4 4. Nxe4 Nd7 5. Nf3 Ngf6 6. Bd3 Nxe4 7. Bxe4 c5 8.
O-O Nf6 9. Bd3 cxd4 10. Nxd4 Bc5 11. Nb3 Bd6 12. Bg5 Bd7 13. Qd2 Qc7 14. g3 Be5
15. c4 h6 16. Be3 Ng4 17. Bc5 Ba4 18. Qb4 Bc6 19. Be2 h5 20. Nd4 Bxd4 21. Bxd4
Nxh2 22. Rfc1 h4 23. Bxg7 hxg3 24. Bxh8 Qf4 25. Qc5 Qe4 26. Qxc6+ bxc6 27. Bh5
O-O-O 28. Bc3 Rg8 29. Bg7 Rxg7 30. f4 Nf3+ 31. Bxf3 Qe3+ 32. Kh1 Qxf3+ 33. Kg1
Qf2+ 34. Kh1 Qh2# 0-1

[Event "ICS rated blitz match"]
[Site "204.178.125.65"]
[Date "2000.01.22"]
[Round "?"]
[White "inmichess"]
[Black "Hossa"]
[Result "0-1"]
[WhiteElo "2509"]
[BlackElo "2547"]
[PlyCount "143"]

1. e4 e5 2. Nf3 Nc6 3. c3 Nf6 4. d4 Nxe4 5. d5 Bc5 6. Be3 Bxe3 7. fxe3 Ne7 8.
Nxe5 O-O 9. Qd4 Nf6 10. e4 d6 11. Nc4 Re8 12. Be2 Nexd5 13. exd5 Qe7 14. O-O
Qxe2 15. Nbd2 Ng4 16. Qf4 Re7 17. Qg3 Ne5 18. Rae1 Qh5 19. Rf4 Ng6 20. Rxe7
Nxe7 21. Qe3 g5 22. Rd4 Kf8 23. Re4 Nxd5 24. Qd4 Ne7 25. Qf6 Ng8 26. Qd8+ Kg7
27. Re1 b5 28. Ne3 Nh6 29. Qxc7 Qg6 30. Qc6 Rb8 31. Ne4 Ng4 32. Nxg4 Bxg4 33.
Nxd6 Rd8 34. Ne8+ Kh6 35. Qc5 Qb6 36. Qxb6+ axb6 37. a3 Rd2 38. b4 Bd7 39. Nf6
Bc6 40. g3 Rg2+ 41. Kf1 Rc2 42. Ng8+ Kg7 43. Ne7 Bb7 44. Nf5+ Kf6 45. Nd6 Bc6
46. Kg1 Rg2+ 47. Kf1 Rxh2 48. Ne8+ Kf5 49. Re3 Bxe8 50. Rxe8 Ra2 51. Re3 h5 52.
Kg1 Kg4 53. Rd3 f5 54. Kf1 Rxa3 55. Kf2 h4 56. gxh4 gxh4 57. Rd5 Rxc3 58. Rxb5
Rc6 59. Rd5 f4 60. b5 Rc2+ 61. Kg1 Rb2 62. Kf1 Rb1+ 63. Kg2 Rb4 64. Kh1 f3 65.
Rd2 Kg3 66. Rd1 Rb2 67. Rg1+ Rg2 68. Rd1 Rh2+ 69. Kg1 f2+ 70. Kf1 Rh1+ 71. Ke2
Rxd1 72. Kxd1 0-1

[Event "ICS rated blitz match"]
[Site "204.178.125.65"]
[Date "2000.01.22"]
[Round "?"]
[White "Hossa"]
[Black "inmichess"]
[Result "0-1"]
[WhiteElo "2561"]
[BlackElo "2495"]
[PlyCount "252"]

1. e4 e5 2. Nf3 Nc6 3. Bb5 Nge7 4. O-O a6 5. Ba4 b5 6. Bb3 f6 7. d4 exd4 8.
Nxd4 Na5 9. Be3 Bb7 10. Nd2 c5 11. Nf5 Nxf5 12. exf5 c4 13. Qh5+ Ke7 14. Bc5+
d6 15. Rfe1+ Kd7 16. Qf7+ Kc6 17. Bb4 Qb6 18. Nf3 Rd8 19. c3 Rd7 20. Qe8 Kc7
21. Nd4 Bd5 22. Bc2 Nc6 23. Nxc6 Bxc6 24. a4 Rd8 25. Qf7+ Rd7 26. Qe6 Qb8 27.
axb5 axb5 28. Red1 Qb7 29. Qe8 Qc8 30. Qe3 d5 31. Ba5+ Kb8 32. Bb6 Kb7 33. Qd4
Bd6 34. Ra7+ Kb8 35. Rda1 Rxa7 36. Bxa7+ Kc7 37. Bb6+ Kb8 38. Bc5 Bxc5 39. Qxc5
Qd7 40. Ra6 Re8 41. Kf1 Bb7 42. Qb6 Kc8 43. Qc5+ Kb8 44. Ra5 Bc6 45. g3 Qb7 46.
Ra1 Bd7 47. f3 Qc6 48. Qa7+ Kc8 49. Ra6 Qb7 50. Qc5+ Kd8 51. Ra7 Qb8 52. Ra1
Qb7 53. Qd4 Ke7 54. Qh4 h6 55. Qd4 Kf8 56. Qc5+ Kg8 57. Ra7 Qc6 58. Rc7 Qa8 59.
Kf2 Rc8 60. Rxc8+ Bxc8 61. Qxb5 Kh7 62. Ke2 Qa1 63. Qxd5 Qxb2 64. Kd2 Ba6 65.
Qc6 Bb5 66. Qb7 Kg8 67. Qc8+ Kf7 68. g4 Be8 69. Qxc4+ Kf8 70. Qb4+ Qxb4 71.
cxb4 Ke7 72. f4 h5 73. g5 h4 74. Bd3 Kd6 75. g6 Kc6 76. Ke2 Kd5 77. Ke3 h3 78.
Kf3 Kd4 79. Bf1 Bc6+ 80. Kg4 Bg2 81. Be2 Be4 82. Bb5 Bg2 83. Ba6 Kc3 84. b5 Bf1
85. Bc8 Bxb5 86. Kxh3 Kd4 87. Be6 Ke3 88. Kg3 Ke4 89. h3 Ba6 90. Bd7 Bf1 91. h4
Be2 92. Be6 Bh5 93. Bc8 Bd1 94. Ba6 Bh5 95. Bf1 Kxf5 96. Bd3+ Ke6 97. f5+ Ke5
98. Bc2 Be2 99. Bb1 Bd1 100. h5 Bxh5 101. Bd3 Bd1 102. Bb1 Bb3 103. Kf3 Bd5+
104. Ke3 Bc6 105. Bd3 Bd7 106. Bc4 Kxf5 107. Kd4 Kxg6 108. Bd3+ Kf7 109. Kc5
Ke6 110. Bg6 f5 111. Kb6 Kf6 112. Bh5 g5 113. Kc7 Be6 114. Bf3 g4 115. Bb7 Ke5
116. Kd8 Bd5 117. Ba6 g3 118. Bb5 g2 119. Bc6 Bxc6 120. Kc7 g1=Q 121. Kxc6 Qh1+
122. Kc5 Qd5+ 123. Kb6 Kd6 124. Ka7 Qb5 125. Ka8 Kc6 126. Ka7 Qb7# 0-1

[Event "ICS rated blitz match"]
[Site "204.178.125.65"]
[Date "2000.01.22"]
[Round "?"]
[White "ember"]
[Black "Hossa"]
[Result "0-1"]
[WhiteElo "2200"]
[BlackElo "2542"]
[PlyCount "88"]

1. e4 e5 2. f4 exf4 3. Bc4 Qh4+ 4. Kf1 Ne7 5. Nf3 Qh5 6. d4 g5 7. c3 Nbc6 8. h4
Bh6 9. Kg1 g4 10. Ng5 Bxg5 11. hxg5 Qxg5 12. g3 Ng6 13. Qf1 h5 14. gxf4 Qf6 15.
e5 Qd8 16. f5 Nf8 17. Nd2 d5 18. Bd3 Ne7 19. Nb3 Ng8 20. Bf4 h4 21. Re1 a5 22.
e6 fxe6 23. fxe6 Bxe6 24. Nc5 Qf6 25. Rh2 O-O-O 26. Nxb7 g3 27. Nc5 gxh2+ 28.
Kxh2 Bd7 29. Bf5 Bxf5 30. Re6 Bd3 31. Qxd3 Qxf4+ 32. Kh1 Qc1+ 33. Kh2 Qxb2+ 34.
Kh3 Nxe6 35. Qa6+ Kb8 36. Nxe6 Qxc3+ 37. Kh2 Qb2+ 38. Kh3 Rd6 39. Qf1 Qa3+ 40.
Kh2 Qg3+ 41. Kh1 Rxe6 42. Qb5+ Rb6 43. Qe8+ Kb7 44. Qe2 Rb1+ 0-1

[Event "ICS rated standard match"]
[Site "204.178.125.65"]
[Date "2000.01.22"]
[Round "?"]
[White "SPIKE-1"]
[Black "Hossa"]
[Result "1-0"]
[WhiteElo "2662"]
[BlackElo "2263"]
[PlyCount "143"]

1. e4 e5 2. Nf3 Nc6 3. Bb5 a6 4. Ba4 Nf6 5. O-O Be7 6. Re1 b5 7. Bb3 d6 8. c3
O-O 9. h3 Na5 10. Bc2 c5 11. d4 Qc7 12. Nbd2 cxd4 13. cxd4 Nc6 14. Nb3 Bb7 15.
d5 Na5 16. Nxa5 Qxa5 17. a4 Rfc8 18. Bd2 b4 19. Bb1 Rab8 20. Nh4 g6 21. Nf3 Ba8
22. Be3 Rb7 23. Bd3 Rbb8 24. Nd2 Bb7 25. Qe2 Ra8 26. Nb3 Qd8 27. a5 Nd7 28. Ra4
Rcb8 29. Qd2 f5 30. Rxb4 fxe4 31. Bxe4 Nf6 32. Bf3 Qd7 33. Bg5 Rf8 34. Rc1 Rac8
35. Rxc8 Bxc8 36. Bxf6 Bxf6 37. Bg4 Qa7 38. Bxc8 Rxc8 39. Rb6 Rf8 40. Qe2 Bh4
41. g3 Bd8 42. Rxa6 Qb7 43. Nc1 Qxd5 44. b4 Qd4 45. b5 Qc3 46. Na2 Qa1+ 47. Kg2
Qd4 48. b6 Bg5 49. b7 Qd5+ 50. f3 Qxb7 51. Rxd6 Qc7 52. Rd5 Bf6 53. Nb4 Qf7 54.
a6 Qc7 55. Rb5 Qa7 56. Rb7 Qd4 57. Qa2+ Kh8 58. a7 e4 59. f4 Qd8 60. Nc6 Qa8
61. Rb8 Kg7 62. Rxa8 Rxa8 63. Qa6 Kh6 64. g4 e3 65. Nd4 Bxd4 66. g5+ Kg7 67.
Qb7+ Kf8 68. Qxa8+ Ke7 69. Qe4+ Kf7 70. a8=Q Bb6 71. Qae8+ Kg7 72. Q4e7# 1-0

[Event "ICS rated blitz match"]
[Site "204.178.125.65"]
[Date "2000.01.22"]
[Round "?"]
[White "Hossa"]
[Black "Bringer"]
[Result "0-1"]
[WhiteElo "2542"]
[BlackElo "2434"]
[PlyCount "90"]

1. e4 c5 2. Nf3 d6 3. d4 cxd4 4. Nxd4 Nf6 5. Nc3 g6 6. Be3 Bg7 7. f3 O-O 8. Qd2
Nc6 9. Bc4 Bd7 10. Nxc6 Bxc6 11. Bh6 Bxh6 12. Qxh6 Rc8 13. Bd3 Qa5 14. g4 b5
15. O-O Qb4 16. Rab1 Qc5+ 17. Rf2 Nd7 18. a3 Ne5 19. Be2 f6 20. Rd1 b4 21. axb4
Qxb4 22. Rb1 g5 23. Ba6 Rc7 24. Bf1 Rfc8 25. Bg2 Ba8 26. Rff1 Qc5+ 27. Kh1 Nc4
28. Na4 Qb4 29. Ra1 Ne3 30. c3 Qb3 31. Rfc1 Nc2 32. Bf1 Nxa1 33. Rxa1 Bc6 34.
Bd3 Bxa4 35. e5 e6 36. exd6 Rf7 37. h4 Qxb2 38. Rxa4 Qxc3 39. d7 Rxd7 40. Re4
Qxd3 41. Qxg5+ fxg5 42. Re1 Qxf3+ 43. Kg1 Rd2 44. Re2 Rc1+ 45. Re1 Rxe1# 0-1

[Event "ICS rated blitz match"]
[Site "204.178.125.65"]
[Date "2000.01.23"]
[Round "?"]
[White "BugChess"]
[Black "Hossa"]
[Result "1-0"]
[WhiteElo "2300"]
[BlackElo "2527"]
[PlyCount "109"]

1. d4 Nf6 2. c4 e6 3. Nf3 b6 4. g3 Ba6 5. b3 Bb4+ 6. Bd2 Be7 7. Bg2 c6 8. O-O
d5 9. Ne5 O-O 10. Bc3 Nfd7 11. Nxd7 Nxd7 12. Nd2 Bd6 13. Rb1 Qg5 14. e3 c5 15.
Nf3 Qh6 16. dxc5 Nxc5 17. Qd4 Rfd8 18. Rfd1 dxc4 19. bxc4 Be7 20. Qg4 f5 21.
Qf4 Qxf4 22. gxf4 Bxc4 23. Nd4 Bxa2 24. Ra1 Bd5 25. Nxf5 Bf8 26. Bxd5 Rxd5 27.
Rxd5 exd5 28. Rd1 Rd8 29. Kg2 a5 30. Be5 Ne6 31. Ng3 Bc5 32. f5 Ng5 33. Nh5 Rd7
34. h4 Ne4 35. f3 Nd6 36. Rxd5 a4 37. e4 a3 38. f6 g6 39. Ng7 h6 40. Ba1 Rf7
41. Ne6 Nc4 42. Rd8+ Kh7 43. e5 Bb4 44. Kf2 Na5 45. Rd4 Bc5 46. Nxc5 bxc5 47.
e6 Rxf6 48. Rd7+ Kg8 49. Bxf6 Nc6 50. Rg7+ Kf8 51. Rc7 Ne7 52. Ra7 Nc8 53. Ra8
Kg8 54. Rxc8+ Kh7 55. Rh8# 1-0

[Event "ICS rated blitz match"]
[Site "204.178.125.65"]
[Date "2000.01.23"]
[Round "?"]
[White "ural"]
[Black "Hossa"]
[Result "0-1"]
[WhiteElo "2293"]
[BlackElo "2502"]
[PlyCount "48"]

1. e4 e5 2. f4 exf4 3. Bc4 Qh4+ 4. Kf1 Ne7 5. d4 d6 6. Qf3 Nbc6 7. c3 Be6 8.
Bxe6 fxe6 9. Qxf4 Qf6 10. Qxf6 gxf6 11. Nf3 Rg8 12. Kf2 O-O-O 13. Re1 e5 14. d5
Nb8 15. c4 Na6 16. Be3 f5 17. exf5 Nxf5 18. Nc3 Nb4 19. Bxa7 Nc2 20. a4 Nxa1
21. Rxa1 Bh6 22. a5 Rdf8 23. Ne4 Nh4 24. Rg1 Rg4 0-1

[Event "ICS rated standard match"]
[Site "204.178.125.65"]
[Date "2000.01.23"]
[Round "?"]
[White "Hossa"]
[Black "Grok"]
[Result "1/2-1/2"]
[WhiteElo "2260"]
[BlackElo "2212"]
[PlyCount "165"]

1. e4 c5 2. Nf3 d6 3. d4 cxd4 4. Nxd4 Nf6 5. Nc3 a6 6. Be3 e6 7. f3 b5 8. Bd3
Be7 9. O-O e5 10. Nde2 Nc6 11. a4 bxa4 12. Rxa4 O-O 13. Qb1 Nd7 14. Nd5 Nc5 15.
Ra3 Bg5 16. Rd1 Bxe3+ 17. Nxe3 Be6 18. Bc4 Qc7 19. Nc3 Nb4 20. Bd5 Rab8 21. Qc1
Nc6 22. Bxc6 Qxc6 23. Ncd5 Qd7 24. b4 Bxd5 25. Nxd5 Na4 26. Qa1 Nb6 27. Rxa6
Nxd5 28. Rxd5 Rxb4 29. Raxd6 Qc7 30. Qc1 Rc8 31. c4 g6 32. c5 Rb5 33. Rxe5 Rxc5
34. Rxc5 Qxc5+ 35. Qxc5 Rxc5 36. Rd2 Kg7 37. g3 Kf6 38. Kg2 Ke5 39. h4 Rc1 40.
h5 Ke6 41. h6 Rc5 42. g4 Ke5 43. Rd8 Rc7 44. Kg3 f6 45. Rd5+ Ke6 46. g5 fxg5
47. Rxg5 Rc1 48. Kh2 Rc2+ 49. Kh3 Rc1 50. Kg3 Rg1+ 51. Kf4 Rh1 52. Ra5 Rxh6 53.
Ra6+ Kd7 54. Ke5 Kc7 55. f4 Rh5+ 56. f5 Kb7 57. Rf6 Kc7 58. Rf8 Kc6 59. Rc8+
Kd7 60. Rg8 Ke7 61. Rg7+ Kf8 62. Rb7 gxf5 63. exf5 Rh6 64. Rb8+ Kf7 65. Rb2 Rh1
66. Rb7+ Ke8 67. Ke6 Re1+ 68. Kf6 Rh1 69. Rc7 h5 70. Re7+ Kd8 71. Rb7 h4 72.
Ke5 h3 73. Kf4 Rf1+ 74. Kg3 Rxf5 75. Kxh3 Rf6 76. Rg7 Rf8 77. Rh7 Kc8 78. Rh6
Kb8 79. Rh5 Ka8 80. Rh4 Kb8 81. Rg4 Ka8 82. Rh4 Kb8 83. Rg4 1/2-1/2

[Event "ICS rated standard match"]
[Site "204.178.125.65"]
[Date "2000.01.23"]
[Round "?"]
[White "AmyCuest"]
[Black "Hossa"]
[Result "1-0"]
[WhiteElo "2193"]
[BlackElo "2258"]
[PlyCount "113"]

1. e4 e5 2. Nf3 Nc6 3. Bb5 a6 4. Ba4 Nf6 5. O-O Be7 6. Re1 b5 7. Bb3 d6 8. c3
O-O 9. h3 Na5 10. Bc2 c5 11. d4 Qc7 12. Nbd2 cxd4 13. cxd4 Nc6 14. Nb3 Bb7 15.
Bd2 Rac8 16. d5 Nb8 17. Bd3 Nbd7 18. Nh4 Nb6 19. Nf5 Qd7 20. Qf3 Bd8 21. Bb4
Ne8 22. Qg4 Bc7 23. Na5 Bb8 24. a4 Kh8 25. axb5 axb5 26. Nxg7 Qxg4 27. hxg4
Kxg7 28. Nxb7 Bc7 29. Bxb5 Rb8 30. Bc6 Nc8 31. f3 Bb6+ 32. Kf1 Kg8 33. Rec1 Bc7
34. Ra6 f6 35. Bd2 Ng7 36. b4 h5 37. gxh5 Nxh5 38. g4 Ng7 39. Be3 Bd8 40. Ke2
Be7 41. b5 Ne8 42. b6 Ng7 43. Bd7 f5 44. gxf5 Kh7 45. Na5 Bf6 46. Bxc8 Rfxc8
47. Rxc8 Rxc8 48. Nc6 Rf8 49. b7 Be7 50. Ra8 Rf7 51. f6 Rxf6 52. Nxe7 Rf8 53.
Rxf8 Nh5 54. Rf7+ Ng7 55. Nf5 Kg8 56. Rxg7+ Kf8 57. b8=Q# 1-0

[Event "ICS rated standard match"]
[Site "204.178.125.65"]
[Date "2000.01.23"]
[Round "?"]
[White "Tinker"]
[Black "Hossa"]
[Result "0-1"]
[WhiteElo "2170"]
[BlackElo "2253"]
[PlyCount "118"]

1. e4 e5 2. Nf3 Nc6 3. Bb5 a6 4. Bxc6 dxc6 5. O-O f6 6. Nc3 Bd6 7. d4 Bg4 8.
dxe5 fxe5 9. h3 Bh5 10. g4 Bg6 11. Qe2 Nf6 12. g5 Nh5 13. Nh4 Bf7 14. Nf5 O-O
15. Rd1 b5 16. Be3 Bg6 17. Qg4 Kh8 18. Kf1 Qb8 19. Rd3 Bb4 20. Ne2 c5 21. Nh4
Be8 22. Rd5 c6 23. Rdd1 c4 24. g6 Nf6 25. Qg2 h5 26. c3 Be7 27. Ng3 Bd7 28. Bg5
Qe8 29. Bxf6 Bxf6 30. Nf3 Qc8 31. Ng1 h4 32. Nh1 Be8 33. a4 Rb8 34. axb5 axb5
35. Nf3 Bd7 36. Ng1 Be7 37. Ra7 Rb7 38. Rxb7 Qxb7 39. Ke2 Qc8 40. Qh2 Rf4 41.
Ke3 Bg5 42. Ke2 Rxe4+ 43. Kf1 Be8 44. Nf3 Bf6 45. Qg2 Rf4 46. Re1 Qf5 47. Nd4
Qd3+ 48. Kg1 Qd2 49. Re3 Qxb2 50. Kh2 Rxd4 51. cxd4 Qxd4 52. Qf3 Bxg6 53. Qxc6
b4 54. Qg2 Kh7 55. Qb7 b3 56. Re2 Qd1 57. Re3 Qd2 58. Rxb3 Qf4+ 59. Kg1 Be4 0-1

[Event "ICS Rated blitz match"]
[Site "204.178.125.65"]
[Date "2000.01.23"]
[Round "?"]
[White "Hossa"]
[Black "BugChess"]
[Result "1-0"]
[WhiteElo "2509"]
[BlackElo "2256"]
[PlyCount "71"]

1. e4 e5 2. Nf3 Nc6 3. Bb5 Nd4 4. Nxd4 exd4 5. O-O Bc5 6. d3 c6 7. Bc4 d5 8.
exd5 cxd5 9. Bb5+ Kf8 10. Re1 Be6 11. Nd2 Qb6 12. Ba4 Nf6 13. Nb3 Bb4 14. Bd2
Kg8 15. a3 Bxd2 16. Qxd2 Rc8 17. Rac1 Qd6 18. Nxd4 Ng4 19. g3 Ne5 20. Qb4 Qc7
21. f4 a5 22. Qb5 Nc6 23. Nxe6 fxe6 24. Rxe6 Kf8 25. Rce1 Qd7 26. Qc5+ Kg8 27.
Bb3 Ne5 28. Bxd5 h6 29. Rxh6+ Qxd5 30. Qxd5+ Nf7 31. Rxh8+ Kxh8 32. Qxf7 Rf8
33. Qxf8+ Kh7 34. Qf5+ g6 35. Re7+ Kh8 36. Qc8# 1-0

[Event "ICS rated standard match"]
[Site "204.178.125.65"]
[Date "2000.01.23"]
[Round "?"]
[White "Hossa"]
[Black "star"]
[Result "0-1"]
[WhiteElo "2265"]
[BlackElo "2442"]
[PlyCount "135"]

1. e4 c6 2. d4 d5 3. Nc3 dxe4 4. Nxe4 Bf5 5. Ng3 Bg6 6. h4 h6 7. Nf3 Nd7 8. h5
Bh7 9. Bd3 Bxd3 10. Qxd3 Qc7 11. Bd2 Ngf6 12. O-O-O e6 13. Rde1 O-O-O 14. Rh4
Bd6 15. Ne4 Nxe4 16. Qxe4 Nf6 17. Qe2 Kb8 18. Rd1 Ka8 19. Ne5 c5 20. Nc4 Be7
21. Be3 Nd5 22. Rg4 cxd4 23. Rgxd4 f5 24. a4 Bf6 25. g3 Rc8 26. Kb1 Nxe3 27.
Nxe3 Bxd4 28. Rxd4 Rhd8 29. Rf4 Qd6 30. Kc1 Qd3 31. Qxd3 Rxd3 32. g4 fxg4 33.
Rxg4 Rd7 34. b4 Rcd8 35. Rg6 Re8 36. a5 Rf7 37. Rg2 Ree7 38. c3 Rf4 39. Rh2 Rd7
40. Kc2 Kb8 41. Nd1 Kc7 42. Nb2 Rf3 43. Nd1 e5 44. Ne3 Rdf7 45. Nd1 Kd6 46. Kb3
Ke6 47. Kc2 Kf6 48. b5 Kg5 49. Rh1 R3f4 50. a6 bxa6 51. bxa6 R4f6 52. c4 Rxa6
53. Rh2 Rd6 54. Nb2 Rd4 55. c5 Rc7 56. Nd3 e4 57. Ne1 Rxc5+ 58. Kb3 Rd6 59. Kb4
Rdc6 60. Rh1 Rc1 61. Ka3 Rb1 62. Nf3+ exf3 63. Rxb1 Ra6+ 64. Kb3 Rb6+ 65. Kc2
Rxb1 66. Kxb1 Kxh5 67. Kc1 Kg4 68. Kd2 0-1

[Event "ICS rated standard match"]
[Site "204.178.125.65"]
[Date "2000.01.23"]
[Round "?"]
[White "star"]
[Black "Hossa"]
[Result "1-0"]
[WhiteElo "2450"]
[BlackElo "2257"]
[PlyCount "83"]

1. e4 c6 2. d4 d5 3. Nc3 dxe4 4. Nxe4 Bf5 5. Ng3 Bg6 6. Bc4 c5 7. d5 a6 8. Nf3
b5 9. Be2 Nf6 10. c4 Nbd7 11. O-O bxc4 12. Bxc4 Nb6 13. Ne5 Nfxd5 14. Qb3 f6
15. Nxg6 hxg6 16. Bxa6 Kf7 17. Bb7 Rb8 18. Bc6 e6 19. Re1 Bd6 20. a4 Rh4 21. a5
Nc4 22. Qf3 Ne7 23. Be4 Nxa5 24. Ra4 Nb3 25. Bg5 Bxg3 26. fxg3 Rh5 27. Bf4 Nd4
28. Qf2 Rb6 29. g4 Rh7 30. b4 cxb4 31. Rd1 Rd6 32. Bxd6 Qxd6 33. Rxd4 Qxh2+ 34.
Kf1 b3 35. Rd7 f5 36. Qc5 Qf4+ 37. Ke2 Qxg4+ 38. Bf3 Qg5 39. Raa7 Kg8 40. Rxe7
Qe3+ 41. Kxe3 f4+ 42. Kd3 1-0

[Event "ICS rated blitz match"]
[Site "204.178.125.65"]
[Date "2000.01.23"]
[Round "?"]
[White "PostModernist"]
[Black "Hossa"]
[Result "1/2-1/2"]
[WhiteElo "2571"]
[BlackElo "2524"]
[PlyCount "276"]

1. d4 Nf6 2. Nf3 c5 3. e3 cxd4 4. exd4 d5 5. h3 Nc6 6. Bd3 Bd7 7. O-O g6 8. Bg5
Bg7 9. Nc3 e6 10. Qd2 Nb4 11. Bh6 Bxh6 12. Qxh6 Ng8 13. Qf4 Nf6 14. Rfd1 Rc8
15. Qh6 Ng8 16. Qe3 Ne7 17. Ne5 O-O 18. Ng4 Kh8 19. Qf4 Ng8 20. a3 Nxd3 21.
Rxd3 f6 22. Qd2 Ne7 23. b3 Qa5 24. Nh6 Rc6 25. b4 Qc7 26. Rb1 Rc4 27. Qe3 Rc8
28. Rb3 a6 29. Qd2 b6 30. Ng4 Ng8 31. Rg3 b5 32. Rd3 g5 33. Qe2 Qf4 34. g3 Qf5
35. Qf1 R4c7 36. Qg2 Be8 37. Ne3 Qg6 38. Ne2 Qh6 39. c3 Qh5 40. f4 Bf7 41. Rb2
Nh6 42. Rd1 gxf4 43. Nxf4 Qg5 44. h4 Qg7 45. Ne2 Bh5 46. Nf1 Nf7 47. Rc1 Nd6
48. Rd2 Ne4 49. Rd3 Qg4 50. Rc2 Qg8 51. Nf4 Bg4 52. Ne3 Nxc3 53. Nxg4 Qxg4 54.
Qf3 Qxf3 55. Rxf3 e5 56. Nh5 exd4 57. Rxf6 Ra8 58. Rcf2 Kg8 59. R6f5 Ne4 60.
R2f4 Rd8 61. Nf6+ Nxf6 62. Rxf6 Rc4 63. Rxa6 d3 64. Rf2 Rg4 65. Rb6 Rxg3+ 66.
Kh2 Rg4 67. Kh3 Rd4 68. Rd2 Ra8 69. Rxb5 Rxa3 70. Rb7 h5 71. Rg2+ Rg4 72. Rd2
Ra1 73. Kh2 Rxh4+ 74. Kg2 Ra3 75. Rd7 Rd4 76. Kg1 Ra1+ 77. Kf2 Rb1 78. Ra2 Rf4+
79. Ke3 Rf7 80. Rxd5 Rxb4 81. Rxh5 Rb3 82. Rg2+ Kf8 83. Rh8+ Ke7 84. Rd2 Rg7
85. Rh3 Kf6 86. Rxd3 Re7+ 87. Kd4 Rxd3+ 88. Rxd3 Rf7 89. Kc4 Rg7 90. Kc5 Rh7
91. Rd1 Rh6 92. Rf1+ Kg6 93. Kd5 Rh5+ 94. Ke6 Rh4 95. Rg1+ Kh6 96. Kf5 Rh3 97.
Ke4 Rh2 98. Rg8 Rf2 99. Ke5 Rf1 100. Ke6 Re1+ 101. Kd7 Rf1 102. Ke7 Re1+ 103.
Kd6 Rf1 104. Rg2 Rh1 105. Ke5 Rd1 106. Kf5 Re1 107. Rg3 Rf1+ 108. Ke6 Rh1 109.
Rg4 Rf1 110. Ke7 Rh1 111. Kd6 Re1 112. Rg3 Rd1+ 113. Ke7 Re1+ 114. Kf6 Kh7 115.
Rg2 Rf1+ 116. Ke6 Rh1 117. Kd5 Rf1 118. Rg3 Rh1 119. Kd6 Rf1 120. Rg4 Rh1 121.
Kc6 Rf1 122. Kc7 Rh1 123. Rg3 Rf1 124. Kd6 Re1 125. Kd7 Rf1 126. Rg2 Rh1 127.
Kc6 Rf1 128. Kd5 Rf3 129. Rg1 Rh3 130. Ke4 Rh2 131. Ke5 Rf2 132. Ke6 Rh2 133.
Kd6 Rf2 134. Ke7 Rh2 135. Ke6 Re2+ 136. Kf6 Rh2 137. Rg7+ Kh8 138. Rg4 Rh1
1/2-1/2

[Event "ICS rated standard match"]
[Site "204.178.125.65"]
[Date "2000.01.23"]
[Round "?"]
[White "Hossa"]
[Black "PostModernist"]
[Result "0-1"]
[WhiteElo "2249"]
[BlackElo "2414"]
[PlyCount "38"]

1. e4 c5 2. Nf3 Nc6 3. d4 cxd4 4. Nxd4 e6 5. Nc3 Nf6 6. Nxc6 bxc6 7. e5 Nd5 8.
Ne4 Qc7 9. f4 Qb6 10. Bd3 Ba6 11. Bxa6 Qxa6 12. c3 Be7 13. Qd4 O-O 14. b3 f6
15. exf6 Nxf6 16. Bb2 Nxe4 17. Qxe4 Rae8 18. g3 Bc5 19. a4 e5 0-1

[Event "ICS Rated standard match"]
[Site "204.178.125.65"]
[Date "2000.01.23"]
[Round "?"]
[White "PostModernist"]
[Black "Hossa"]
[Result "1-0"]
[WhiteElo "2423"]
[BlackElo "2240"]
[PlyCount "149"]

1. Nf3 Nf6 2. c4 g6 3. d4 Bg7 4. g3 c5 5. Bg2 cxd4 6. Nxd4 Nc6 7. Nc3 Qb6 8.
Nc2 Qc5 9. Ne3 O-O 10. O-O d6 11. Ncd5 Nxd5 12. cxd5 Nd4 13. Re1 f5 14. Bd2 f4
15. gxf4 Qb5 16. Rb1 Rxf4 17. Nc4 Rf8 18. Rc1 Bg4 19. h3 Bh5 20. b3 Rac8 21.
Be3 Nf5 22. Qd3 Qa6 23. a4 Nxe3 24. Qxe3 Rf7 25. a5 Rc5 26. Qd3 Bh6 27. b4 Rc8
28. Rc2 Rcf8 29. Rb1 b5 30. axb6 axb6 31. b5 Qa7 32. e3 Bf3 33. Bxf3 Rxf3 34.
Qe4 R8f7 35. Qe6 Qb7 36. Ra1 R3f6 37. Qe4 Qd7 38. Nxb6 Qxb5 39. Qd4 Rf3 40. Rb2
Qc5 41. Ra8+ Rf8 42. Rxf8+ Bxf8 43. Qxc5 dxc5 44. Kg2 Rf5 45. Rb5 Rg5+ 46. Kh2
Rf5 47. f4 g5 48. fxg5 Rxg5 49. Rxc5 Kf7 50. Rc4 Bg7 51. Rf4+ Ke8 52. Rg4 Be5+
53. Kg2 Rxg4+ 54. hxg4 Bc7 55. Nc4 Kf7 56. Kh3 Kg7 57. e4 Kf6 58. Kh4 Bh2 59.
g5+ Kg6 60. Kg4 Bb8 61. Nd2 Be5 62. Nf3 Bc3 63. e5 Kf7 64. Kf5 Bb4 65. Nd4 Bc5
66. Nc6 Be3 67. d6 e6+ 68. Ke4 Bxg5 69. d7 Kf8 70. d8=Q+ Bxd8 71. Nxd8 Ke7 72.
Nb7 Ke8 73. Kf4 Kf7 74. Kg5 Ke8 75. Kf6 1-0

[Event "ICS rated blitz match"]
[Site "204.178.125.65"]
[Date "2000.01.23"]
[Round "?"]
[White "petur3"]
[Black "Hossa"]
[Result "0-1"]
[WhiteElo "2214"]
[BlackElo "2531"]
[PlyCount "64"]

1. e4 e5 2. Nf3 Nc6 3. Bb5 a6 4. Ba4 Nf6 5. O-O Be7 6. Re1 b5 7. Bb3 d6 8. c3
O-O 9. h3 Na5 10. Bc2 c5 11. d4 Qc7 12. Nbd2 cxd4 13. cxd4 Nc6 14. Nf1 Nxd4 15.
Nxd4 exd4 16. Bf4 Rd8 17. Rc1 Qb6 18. Nd2 Be6 19. Nf3 Bxa2 20. b3 d5 21. e5 Ne4
22. Bxe4 dxe4 23. Rxe4 d3 24. Ra1 Qa5 25. Nd2 Qa3 26. Qg4 Qb2 27. Rae1 Rd5 28.
Bh6 Bf8 29. Qg3 Rc8 30. Bxg7 Bxg7 31. Rg4 Qxd2 32. Rxg7+ Kh8 0-1

[Event "ICS Rated blitz match"]
[Site "204.178.125.65"]
[Date "2000.01.23"]
[Round "?"]
[White "Hossa"]
[Black "petur3"]
[Result "1-0"]
[WhiteElo "2535"]
[BlackElo "2210"]
[PlyCount "45"]

1. e4 c5 2. Nf3 e6 3. d4 cxd4 4. Nxd4 Bc5 5. Nb3 Bb6 6. Nc3 Ne7 7. e5 Nbc6 8.
f4 O-O 9. Ne4 Nf5 10. c4 Bc7 11. c5 b6 12. g4 Qh4+ 13. Nf2 Nfe7 14. Qd3 Nd5 15.
Qg3 Qe7 16. Bd3 bxc5 17. Qh3 g6 18. g5 Nxf4 19. Bxf4 Bxe5 20. Ne4 Bxb2 21. Bd6
Qd8 22. Rb1 Bg7 23. O-O 1-0